000 00322nam a2200133Ia 4500
008 100328s9999 xx 000 0 und d
082 _b32629
100 _aधुरी विरेंद्र ह.
245 _aदंश
260 _bडिंपल
630 _aदंश
730 _aदंश
942 _cBOOK
999 _c523379
_d523376